| 000 | 00790nam a22002417a 4500 | ||
|---|---|---|---|
| 005 | 20140313100410.0 | ||
| 008 | 131115b xxu||||| |||| 00| 0 eng d | ||
| 020 | _a9781412811491 | ||
| 050 |
_aHB 615 _b.En63877 2010 |
||
| 245 |
_aEntrepreneurship : _cedited by Wojciech W. Gasparski, Leo V. Ryan, Stefan Kwiatkowski. _bvalues and responsibility / |
||
| 260 |
_aNew Brunswick : _bTransaction Publishers, _c2010. |
||
| 300 |
_a317 p. : _bill. ; _c24 cm. |
||
| 440 | _v17. | ||
| 521 | _aBSBA | ||
| 650 | _aEntrepreneurship. | ||
| 650 |
_aEntrepreneurship _xMoral and ethical aspects. |
||
| 700 |
_aGasparski, Wojciech. _eeditor |
||
| 700 |
_aRyan, Leo V. _eeditor |
||
| 700 |
_aKwiatkowski, Stefan M. _eeditor |
||
| 942 |
_2lcc _cBK _kFOR |
||
| 999 |
_c25569 _d25569 |
||